[Event "American op 40th"]
[Site "Los Angeles"]
[Date "2004.11.27"]
[Round "5"]
[White "Cromartie, Julius"]
[Black "Lazarus, Barry J"]
[Result "0-1"]
[WhiteElo "1662"]
[BlackElo "1781"]
[PlyCount "98"]
[EventDate "2004.11.25"]
[EventType "swiss"]
[EventRounds "8"]
[EventCountry "USA"]
[SourceTitle "EXT 2009"]
[Source "ChessBase"]
[SourceDate "2008.11.26"]
[SourceVersion "1"]
[SourceVersionDate "2008.11.26"]
[SourceQuality "1"]

1. d4 g6 2. c4 Nf6 3. Nc3 d5 4. cxd5 Nxd5 5. e4 Nxc3 6. bxc3 Bg7 7. Bc4 c5 8. Ne2 0-0 9. 0-0 cxd4 10. cxd4 Nc6 11. Be3 Bg4 12. f3 Na5 13. Bd3 Be6 14. Qa4 a6 15. Rac1 b5 16. Qa3 Nc4 17. Bxc4 Bxc4 18. Rfe1 Bxe2 19. Rxe2 Bxd4 20. Rec2 Qb6 21. Bxd4 Qxd4+ 22. Kh1 Rfd8 23. h3 Ra7 24. Qa5 Kg7 25. Rc7 Rxc7 26. Qxc7 Qd6 27. Rc6 Qxc7 28. Rxc7 Rd2 29. Rxe7 Rxa2 30. e5 Kf8 31. Rb7 h5 32. Kh2 h4 33. Rb8+ Ke7 34. Rh8 Ra4 35. Kg1 a5 36. Kf2 Ra2+ 37. Ke3 Rxg2 38. Rxh4 b4 39. Rh8 b3 40. Rb8 b2 41. Kd4 a4 42. Rb7+ Ke6 43. Rb6+ Kd7 44. Kc5 a3 45. Rb7+ Ke6 46. f4 a2 47. Rb6+ Ke7 48. Rb7+ Kf8 49. e6 fxe6 0-1